000 00290nam a22001217a 4500
008 180426b xxu||||| |||| 00| 0 eng d
041 _aeng
080 _a043.3
100 _a0
101 _aSHKI-MA
245 _aAnaliza e Performances se Algoritmeve Simetrike
_cGashi, B
942 _2udc
_cBK
999 _c45596
_d45596